Catálogo de hierros y aceros laminados
Descripción Física:
17 p. : quadres ; 17 cm
MARC
| LEADER | 00000nam a2200000Ia 4500 | ||
|---|---|---|---|
| 001 | 18698 | ||
| 008 | 160829s19-- ?] xx 000 0 cat d | ||
| 080 | |a RF-3-50 | ||
| 245 | |a Catálogo de hierros y aceros laminados | ||
| 250 | |a 7a ed. | ||
| 260 | |a Barcelona : |b [s.n., |c 19-- ?] | ||
| 300 | |a 17 p. : |b quadres ; |c 17 cm | ||
| 590 | |a Prové de 3275. | ||
| 590 | |a A la part superior de la portada: Sociedad material para ferrocarriles y construcciones. Fabricación de hierros y aceros, construcciones metálicas, coches y vagones para ferrocarriles y tranvías | ||
| 650 | |a Ferro |x Indústria i comerç |9 47458 | ||
| 650 | |a Acer |x Indústria i comerç |9 47459 | ||
| 650 | 0 | |a Laminatge (Metal·lúrgia) |9 47457 | |
| 650 | |a Ferrocarrils |9 46596 | ||
| 856 | 4 | |u https://media.diba.cat/diba/fitxers/arxiu/fulletons/bib_18698_1900_baixa.pdf |y Accés lliure | |
| 856 | 4 | |u https://media.diba.cat/diba/fitxers/arxiu/fulletons/bib_18698_1900_baixa.pdf |y Accés lliure | |
| 901 | |a Arxiu | ||
| 942 | |n 1 |2 udc | ||
| 952 | |0 0 |1 0 |4 0 |6 RF350 |7 1 |9 53893 |a Arxiu |b Arxiu |d 2016-12-01 |l 0 |o RF-3-50 |p 18698 |r 2016-12-01 00:00:00 |w 2016-12-01 |y ARXIU | ||
| 999 | |c 57760 |d 57760 | ||
| 900 | |a bib_18698_1900_baixa.pdf | ||